000 01320nam a2200313Ia 4500
001 ebr10638829
003 CaPaEBR
006 m u
007 cr cn|||||||||
008 120817s2013 nyu sb 001 0 eng d
010 _z 2012028911
020 _z9781441161505 (ebook)
020 _z9781441172976 (hardback)
040 _aCaPaEBR
_cCaPaEBR
035 _a(OCoLC)822028227
050 1 4 _aLC331
_b.B83 2013eb
100 1 _aBuchanan, Michael T.
245 1 0 _aLeadership and religious schools
_h[electronic resource] :
_binternational perspectives and challenges /
_cMichael T. Buchanan.
260 _aNew York :
_bBloomsbury,
_c2013.
300 _axiii, 214 p.
504 _aIncludes bibliographical references and index.
533 _aElectronic reproduction.
_bPalo Alto, Calif. :
_cebrary,
_d2013.
_nAvailable via World Wide Web.
_nAccess may be limited to ebrary affiliated libraries.
650 0 _aChurch schools
_xAdministration
_vCross-cultural studies.
650 0 _aEducational leadership
_vCross-cultural studies.
650 0 _aSchool management and organization
_vCross-cultural studies.
655 7 _aElectronic books.
_2local
710 2 _aebrary, Inc.
856 4 0 _uhttp://site.ebrary.com/lib/rucke/Doc?id=10638829
_zAn electronic book accessible through the World Wide Web; click to view
999 _c49418
_d49418